All Montreal Canadiens's palyers - Statistiques

Statistiques générales
  • Ce quiz a été pris 44 fois
  • Le résultat moyen est 18 sur 24
Statistiques - réponses
Hint Réponse % Correct
G Jakub Dobes
97%
F Cole Caufield
93%
F NIck Suzuki
90%
F Ivan Demidov
87%
D Lane Hutson
87%
F Brendan Gallagher
83%
F Oliver Kapanen
83%
D Jayden Struble
80%
F Juraj Slafkovsky
80%
F Alexandre Texier
77%
D Mike Matheson
77%
D Alexandre Carrier
73%
D Noah Dobson
73%
F Alex Newhook
70%
D Arber Xhekaj
70%
F Jake Evans
70%
F Josh Anderson
70%
D Kaiden Guhle
70%
F Patrick Laine
70%
F Zachary Bolduc
70%
F Kirby Dach
67%
G Samuel Montembault
67%
F Joe Veleno
57%
F Phillip Danault
57%
Aucun quiz correspondant
Distribution des résultats
% des personnes avec chaque résultat
Percentile par nombre de réponses
Votre historique - résultats
Vous n’avez pas pris ce quiz